Engineering : (Record no. 663)

MARC details
000 -LEADER
fixed length control field 00864nam a22002537a 4500
005 - DATE AND TIME OF LATEST TRANSACTION
control field 20250420134820.0
008 - FIXED-LENGTH DATA ELEMENTS--GENERAL INFORMATION
fixed length control field 210823b ||||| |||| 00| 0 eng d
020 ## - INTERNATIONAL STANDARD BOOK NUMBER
International Standard Book Number 9781598296686
040 ## - CATALOGING SOURCE
Transcribing agency KCST
082 ## - DEWEY DECIMAL CLASSIFICATION NUMBER
Classification number 371.2011
Item number Zo En
100 ## - MAIN ENTRY--PERSONAL NAME
Personal name Zoli, Corri
9 (RLIN) 5237
245 ## - TITLE STATEMENT
Title Engineering :
Remainder of title women and leadership /
Statement of responsibility, etc. Corri Zoli, Shobha K. Bhatia, Valerie Davidson, Kelly Rusch
260 ## - PUBLICATION, DISTRIBUTION, ETC.
Place of publication, distribution, etc. San Rafael :
Name of publisher, distributor, etc. Morgan & Claypool,
Date of publication, distribution, etc. 2008.
300 ## - PHYSICAL DESCRIPTION
Extent viii, 106 pages :
Other physical details color illustrations ;
Dimensions 24 cm.
440 ## - SERIES STATEMENT/ADDED ENTRY--TITLE
Title Synthesis lectures on engineering, technology, and society, #5.
9 (RLIN) 5238
650 ## - SUBJECT ADDED ENTRY--TOPICAL TERM
Topical term or geographic name entry element Women in higher education.
9 (RLIN) 5239
650 ## - SUBJECT ADDED ENTRY--TOPICAL TERM
Topical term or geographic name entry element Women in engineering.
9 (RLIN) 5240
650 ## - SUBJECT ADDED ENTRY--TOPICAL TERM
Topical term or geographic name entry element Women in science.
9 (RLIN) 5241
700 ## - ADDED ENTRY--PERSONAL NAME
Personal name Bhatia, Shobha K.
9 (RLIN) 5242
700 ## - ADDED ENTRY--PERSONAL NAME
Personal name Davidson, Valerie
9 (RLIN) 5243
700 ## - ADDED ENTRY--PERSONAL NAME
Personal name Rusch, Kelly
9 (RLIN) 5244
942 ## - ADDED ENTRY ELEMENTS (KOHA)
Koha item type Book
942 ## - ADDED ENTRY ELEMENTS (KOHA)
Source of classification or shelving scheme Dewey Decimal Classification
Holdings
Withdrawn status Lost status Source of classification or shelving scheme Damaged status Not for loan Home library Current library Date acquired Cost, normal purchase price Total checkouts Full call number Barcode Date last seen Price effective from Koha item type
    Dewey Decimal Classification     KCST Library KCST Library 23/08/2021 0.00   371.2011 Zo En 1000000753 23/08/2021 23/08/2021 Book
© 2025 KCST. All rights reserved